A kiss for Little Bear / (Record no. 3870)

MARC details
000 -LEADER
fixed length control field 00961cam a2200289 a 4500
005 - DATE AND TIME OF LATEST TRANSACTION
control field 20241031080309.0
020 ## - INTERNATIONAL STANDARD BOOK NUMBER
International Standard Book Number 9780064440509 (pbk.)
040 ## - CATALOGING SOURCE
Original cataloging agency DLC
Transcribing agency DLC
Language of cataloging eng
050 00 - LIBRARY OF CONGRESS CALL NUMBER
Classification number PZ10.M628
082 00 - DEWEY DECIMAL CLASSIFICATION NUMBER
Edition number 400
100 1# - MAIN ENTRY--PERSONAL NAME
Personal name Minarik, Else Holmelund
245 12 - TITLE STATEMENT
Title A kiss for Little Bear /
Statement of responsibility, etc. by Else Holmelund Minarik ; pictures by Maurice Sendak.
260 ## - PUBLICATION, DISTRIBUTION, ETC.
Place of publication, distribution, etc. New York :
Name of publisher, distributor, etc. HarperCollinsPublishers,
Date of publication, distribution, etc. 1968
300 ## - PHYSICAL DESCRIPTION
Extent 32 pages :
Other physical details color illustrations ;
Dimensions 22 cm.
490 0# - SERIES STATEMENT
Series statement An I can read book
505 ## - FORMATTED CONTENTS NOTE
Formatted contents note F <br/>
520 ## - SUMMARY, ETC.
Summary, etc. Little Bear's thank-you kiss from Grandmother gets passed on to him by many animals and greatly aids the skunks' romance.
521 ## - TARGET AUDIENCE NOTE
Target audience note 340 <br/>
Source Lexile <br/>
521 ## - TARGET AUDIENCE NOTE
Target audience note F <br/>
Source Raz-Plus <br/>
650 #1 - SUBJECT ADDED ENTRY--TOPICAL TERM
Topical term or geographic name entry element Kissing
Form subdivision Fiction.
650 #1 - SUBJECT ADDED ENTRY--TOPICAL TERM
Topical term or geographic name entry element Bears
Form subdivision Fiction.
650 #1 - SUBJECT ADDED ENTRY--TOPICAL TERM
Topical term or geographic name entry element Animals
Form subdivision Fiction.
700 1# - ADDED ENTRY--PERSONAL NAME
Personal name Sendak, Maurice
Relator term illustrator
906 ## - LOCAL DATA ELEMENT F, LDF (RLIN)
a 7
b cbc
c orignew
d 2
e ncip
f 20
g y-gencatlg
942 ## - ADDED ENTRY ELEMENTS (KOHA)
Source of classification or shelving scheme Dewey Decimal Classification
Koha item type Books
Suppress in OPAC No
999 ## -
-- 3870
-- 3870
Holdings
Withdrawn status Lost status Source of classification or shelving scheme Damaged status Not for loan Collection Home library Current library Shelving location Date acquired Total Checkouts Full call number Barcode Date last seen Price effective from Koha item type Date last checked out Copy number
    Dewey Decimal Classification     Juvenile Fiction Footprints International School Library Network Toul Kork Campus Footprints International School Library Network Toul Kork Campus   05/20/2024   MIN 400 PZ10.M628 FIS03525 05/20/2024 05/20/2024 Books    
    Dewey Decimal Classification     Juvenile Fiction Footprints International School Library Network Toul Kork Campus Footprints International School Library Network Toul Kork Campus TK Primary Library Room(4th Floor), Bookcase 7, Shelves 57-60, Dark Green Books 10/30/2024 1 MIN 400 PZ10.M628 FISTK01382 01/14/2026 10/30/2024 Books 11/11/2025 2
    Dewey Decimal Classification     Juvenile Fiction Footprints International School Library Network Toul Kork Campus Footprints International School Library Network Toul Kork Campus TK Primary Library Room(4th Floor), Bookcase 7, Shelves 57-60, Dark Green Books 10/30/2024   MIN 400 PZ10.M628 FISTK01381 10/30/2024 10/30/2024 Books   3
    Dewey Decimal Classification     Juvenile Fiction Footprints International School Library Network Toul Kork Campus Footprints International School Library Network Toul Kork Campus TK Primary Library Room(4th Floor), Bookcase 7, Shelves 57-60, Dark Green Books 12/06/2024   MIN 400 PZ10.M628 2024-2410 12/06/2024 12/06/2024 Books   4